• 首页
  • 本馆介绍
  • 公告通知
  • 最新文献
  • 馆藏检索
  • 电子资源
  • 读者导购
  • 参考咨询
  • 我的图书馆
  • 登录
  • 详细信息显示
  • 放入我的书架
  • 预约/预借图书
  • 作者相关作品
  • 分类相关作品
  • 丛书相关作品
  • 出版社相关作品

书目信息

  • 表格格式
  • 工作单格式
  • 卡片格式
题名:
现代外语教学研究
    
 
作者: 陈坚林 著
分册:  
出版信息: 上海   上海外语教育出版社  2004
页数: 301页
开本: 20cm
丛书名:
单 册:
中图分类: H3-42 , H09
科图分类:
主题词: 外语教学--教学研究 , 外语教学 , 教学研究 , 语言教学
电子资源:
ISBN: 7-81095-369-9
000 01052nam0 2200301 450
000 01003nam0 2200277 450
000 00935nam0 2200253 450
000 00899nam0 2200241 45
005 20070802174528.26
010    @a7-81095-369-9@dCNY17.00
100    @a20070729d2004 em y0chiy0120 ea
101 0  @achi
102    @aCN@b310000
105    @ay z 000yy
200 1  @a现代外语教学研究@AXian Dai Wai Yu Jiao Xue Yan Jiu@e理论与方法@ELi Lun Yu Fang Fa@f陈坚林著@FChen Jian Lin Zhu
210    @a上海@c上海外语教育出版社@d2004
215    @a301页@d20cm
330    @a本书重点对外语教学的研究方法进行讨论,围绕外语教学研究的基本理论、基本逻辑与科学程序,论述各研究方法中的资料收集、分析、解释等。
510 1  @aTheory and Methodology in Modern Foreign Language Teaching Research@zeng
606 0  @a外语教学@x教学研究
606 0  @a外语教学
606 0  @a教学研究
606 0  @a语言教学
690    @aH3-42@v4
690    @aH09@v3
701  0 @a陈坚林@AChen Jian Lin@f(1955.11~)@4著
801  0 @aCN@bTAOJIN@c20070802
905    @a10447@dH09@e161
    
    现代外语教学研究:理论与方法/陈坚林著.-上海:上海外语教育出版社,2004
    301页;20cm
    
    
    ISBN 7-81095-369-9:CNY17.00
    本书重点对外语教学的研究方法进行讨论,围绕外语教学研究的基本理论、基本逻辑与科学程序,论述各研究方法中的资料收集、分析、解释等。
●
相关链接 在E读中查询图书 在五车中查询图书 在当当中查询图书 在豆瓣中查询图书


正题名:现代外语教学研究     索取号:H09/161         预约/预借

序号 登录号 条形码 馆藏地/架位号 状态 备注
1 0826978   208269782   第二样本阅览室/ [索取号:H09/161] 在馆    
2 0826979   208269791   第四借阅区/ [索取号:H09/161] 在馆    
3 0826980   208269808   第四借阅区/ [索取号:H09/161] 在馆    
4 0826981   208269817   第四借阅区/ [索取号:H09/161] 在馆    
5 0826982   208269826   第四借阅区/ [索取号:H09/161] 在馆    
唐山师范学院图书馆 欢迎您!
大连网信软件有限公司© 版权所有